[Event "BL 2425 SK Kirchweyhe - Schachfreunde De"]
[Site "?"]
[Date "2025.04.27"]
[Round "15.5"]
[White "Banusz, Tamas"]
[Black "Markus, Robert"]
[Result "1/2-1/2"]
[WhiteElo "2592"]
[BlackElo "2595"]
[PlyCount "48"]
[EventDate "2025.??.??"]

1. d4 Nf6 2. c4 e6 3. Nc3 Bb4 4. Qc2 O-O 5. a3 Bxc3+ 6. Qxc3 b6 7. Bg5 Bb7 8. e3 d6 9. Ne2 Nbd7 10. Qc2 c5 11. Rd1 Qe7 12. Nc3 cxd4 13. Rxd4 Rac8 14. f3 h6 15. Bh4 d5 16. Be2 dxc4 17. O-O Ne5 18. Rfd1 Rfd8 19. Rxd8+ Rxd8 20. Bg3 Rxd1+ 21. Nxd1 Qc7 22. Bxe5 Qxe5 23. Qxc4 Nd5 24. Qd3 Qc7 1/2-1/2

[Event "BL 2425 SK Kirchweyhe - Schachfreunde De"]
[Site "?"]
[Date "2025.04.27"]
[Round "15.6"]
[White "Stevic, Hrvoje"]
[Black "Dautov, Rustem"]
[Result "1/2-1/2"]
[WhiteElo "2545"]
[BlackElo "2554"]
[PlyCount "41"]
[EventDate "2025.??.??"]

1. e4 c6 2. Nc3 d5 3. Nf3 Bg4 4. h3 Bxf3 5. Qxf3 e6 6. Be2 Nf6 7. O-O Bd6 8. d4 dxe4 9. Nxe4 Nxe4 10. Qxe4 Nd7 11. Rd1 Nf6 12. Qd3 O-O 13. c4 h6 14. Qb3 Qc7 15. Be3 Rab8 16. Bf3 Bf4 17. d5 Bxe3 18. Qxe3 cxd5 19. cxd5 Nxd5 20. Bxd5 exd5 21. Rxd5 1/2-1/2

[Event "BL 2425 SK Kirchweyhe - Schachfreunde De"]
[Site "?"]
[Date "2025.04.27"]
[Round "15.7"]
[White "Graf, Alexander"]
[Black "Jovanovic, Zoran"]
[Result "1/2-1/2"]
[WhiteElo "2518"]
[BlackElo "2505"]
[PlyCount "23"]
[EventDate "2025.??.??"]

1. d4 Nf6 2. Nf3 g6 3. g3 Bg7 4. Bg2 O-O 5. c4 c6 6. O-O d5 7. cxd5 cxd5 8. Ne5 Ng4 9. Nf3 Nf6 10. Ne5 Ng4 11. Nf3 Nf6 12. Ne5 1/2-1/2

[Event "BL 2425 SK Kirchweyhe - Schachfreunde De"]
[Site "?"]
[Date "2025.04.27"]
[Round "15.8"]
[White "Kovacevic, Aleksandar"]
[Black "Koellner, Ruben Gideon"]
[Result "1/2-1/2"]
[WhiteElo "2453"]
[BlackElo "2499"]
[PlyCount "29"]
[EventDate "2025.??.??"]

1. Nf3 d5 2. g3 Nd7 3. d4 Nb6 4. Nc3 Bf5 5. Nh4 Bg4 6. f3 Bd7 7. e4 e6 8. Be2 Na4 9. Nxa4 Bxa4 10. b3 Bc6 11. e5 Bb4+ 12. Bd2 Ba3 13. Bc1 Bb4+ 14. Bd2 Ba3 15. Bc1 1/2-1/2

[Event "BL 2425 SV Mülheim Nord - OSG Baden-Bad"]
[Site "?"]
[Date "2025.04.27"]
[Round "15.1"]
[White "Keymer, Vincent"]
[Black "Navara, David"]
[Result "1-0"]
[WhiteElo "2718"]
[BlackElo "2665"]
[PlyCount "79"]
[EventDate "2025.??.??"]

1. Nf3 d5 2. b3 Bg4 3. e3 e6 4. Bb2 Nf6 5. h3 Bh5 6. d3 c5 7. g4 Bg6 8. Ne5 Nc6 9. Nxc6 bxc6 10. Nd2 a5 11. a4 Rb8 12. Bg2 c4 13. dxc4 Bb4 14. O-O O-O 15. Rc1 h5 16. g5 Bxd2 17. Qxd2 Ne4 18. Bxe4 Bxe4 19. f3 Bf5 20. Kh2 dxc4 21. Qc3 f6 22. gxf6 Qxf6 23. Rg1 Kh7 24. Rg2 cxb3 25. cxb3 Qxc3 26. Rxc3 Rf7 27. e4 Bg6 28. h4 Rfb7 29. Rxc6 Rxb3 30. Rxe6 Rxb2 31. Rexg6 Rxg2+ 32. Rxg2 Rb3 33. Rg5 Rxf3 34. Rxh5+ Kg6 35. Rxa5 Re3 36. h5+ Kf6 37. Rf5+ Ke6 38. Rf8 Ra3 39. Ra8 Ke5 40. a5 1-0

[Event "BL 2425 SV Mülheim Nord - OSG Baden-Bad"]
[Site "?"]
[Date "2025.04.27"]
[Round "15.2"]
[White "Fridman, Daniel"]
[Black "Kasimdzhanov, Rustam"]
[Result "1/2-1/2"]
[WhiteElo "2582"]
[BlackElo "2678"]
[PlyCount "40"]
[EventDate "2025.??.??"]

1. d4 Nf6 2. c4 e6 3. Nc3 Bb4 4. Qc2 O-O 5. a3 Bxc3+ 6. Qxc3 d5 7. Bg5 h6 8. Bxf6 Qxf6 9. Nf3 dxc4 10. Qxc4 Nc6 11. e3 e5 12. d5 e4 13. Qxe4 Qxb2 14. Rd1 Qc3+ 15. Rd2 Qc1+ 16. Rd1 Qc3+ 17. Rd2 Qc1+ 18. Rd1 Qc3+ 19. Rd2 Qc1+ 20. Rd1 Qc3+ 1/2-1/2

[Event "BL 2425 SV Mülheim Nord - OSG Baden-Bad"]
[Site "?"]
[Date "2025.04.27"]
[Round "15.3"]
[White "Vitiugov, Nikita"]
[Black "Buckels, Valentin"]
[Result "1-0"]
[WhiteElo "2670"]
[BlackElo "2440"]
[PlyCount "133"]
[EventDate "2025.??.??"]

1. Nf3 d5 2. g3 c5 3. Bg2 Nc6 4. d4 e6 5. O-O Nf6 6. c4 dxc4 7. Qa4 Bd7 8. Qxc4 cxd4 9. Nxd4 Rc8 10. Nc3 Nxd4 11. Qxd4 Bc5 12. Qh4 h6 13. Bf4 Bc6 14. Rad1 Qe7 15. Bxc6+ Rxc6 16. Be5 O-O 17. Bxf6 Qxf6 18. Qxf6 gxf6 19. Rd7 Rb8 20. Rfd1 Kg7 21. Ne4 Bf8 22. g4 a5 23. Ng3 a4 24. e3 b5 25. Nh5+ Kg6 26. Nf4+ Kg7 27. Nh5+ Kg6 28. Rd8 Rcc8 29. Nf4+ Kg7 30. R1d7 Kg8 31. Rxc8 Rxc8 32. a3 Rc2 33. Nd3 Rc4 34. h3 b4 35. axb4 Bxb4 36. Ra7 Bd6 37. Ra6 Be5 38. Kf1 Kg7 39. Ke1 Kg6 40. Ra7 Bc7 41. Ke2 f5 42. gxf5+ Kxf5 43. Ne1 Ke4 44. Nf3 Rc2+ 45. Nd2+ Kd5 46. Kd3 Bb6 47. Rd7+ Kc6 48. Kxc2 Kxd7 49. Ne4 f5 50. Nc3 a3 51. bxa3 Kc6 52. Kd3 Bc5 53. a4 Bb4 54. Kc4 Ba5 55. Nb5 e5 56. f3 Bd2 57. e4 fxe4 58. fxe4 h5 59. Na3 h4 60. Nc2 Bg5 61. a5 Bd2 62. Nb4+ Kd6 63. Kb5 Be3 64. Nd5 Bd4 65. a6 Ba7 66. Nb4 Be3 67. Nc6 1-0

[Event "BL 2425 SV Mülheim Nord - OSG Baden-Bad"]
[Site "?"]
[Date "2025.04.27"]
[Round "15.4"]
[White "Hausrath, Daniel"]
[Black "Bacrot, Etienne"]
[Result "1/2-1/2"]
[WhiteElo "2445"]
[BlackElo "2633"]
[PlyCount "42"]
[EventDate "2025.??.??"]

1. Nf3 d5 2. g3 b6 3. Bg2 Bb7 4. O-O e6 5. d3 Nf6 6. Nc3 Be7 7. e4 c5 8. exd5 Nxd5 9. Nxd5 Qxd5 10. c4 Qc6 11. Bd2 Bf6 12. Bc3 Bxc3 13. bxc3 O-O 14. a4 a5 15. Rb1 Nd7 16. Ne1 Qc7 17. Bxb7 Qxb7 18. f4 Rac8 19. Qf3 Qxf3 20. Nxf3 Rc6 21. Rfd1 Rd6 1/2-1/2

[Event "BL 2425 SV Mülheim Nord - OSG Baden-Bad"]
[Site "?"]
[Date "2025.04.27"]
[Round "15.5"]
[White "Shirov, Alexei"]
[Black "Dinstuhl, Volkmar"]
[Result "1-0"]
[WhiteElo "2650"]
[BlackElo "2376"]
[PlyCount "67"]
[EventDate "2025.??.??"]

1. e4 c5 2. Nf3 d6 3. d4 cxd4 4. Nxd4 Nf6 5. Nc3 a6 6. Be3 e5 7. Nb3 Be6 8. f3 Be7 9. Qd2 O-O 10. O-O-O Nbd7 11. g4 b5 12. g5 Nh5 13. Kb1 Nb6 14. Na5 Rc8 15. a3 g6 16. h4 Ng3 17. Rg1 Nxf1 18. Rgxf1 Na4 19. Nxa4 bxa4 20. f4 exf4 21. Rxf4 Qd7 22. h5 Qb5 23. Rh1 Rb8 24. c4 Bxc4 25. Nxc4 Qxc4 26. Qh2 gxh5 27. Ka1 Rb3 28. e5 Qd3 29. Rxa4 Rfb8 30. Bd4 R8b4 31. Rxb4 Rxa3+ 32. bxa3 Qxa3+ 33. Kb1 Qxb4+ 34. Qb2 1-0

[Event "BL 2425 SV Mülheim Nord - OSG Baden-Bad"]
[Site "?"]
[Date "2025.04.27"]
[Round "15.6"]
[White "Gungl, Theo"]
[Black "Movsesian, Sergei"]
[Result "1/2-1/2"]
[WhiteElo "2334"]
[BlackElo "2591"]
[PlyCount "101"]
[EventDate "2025.??.??"]

1. d4 Nf6 2. c4 g6 3. Nc3 Bg7 4. h4 c5 5. d5 d6 6. e4 e6 7. Be2 exd5 8. exd5 Nbd7 9. h5 Nxh5 10. Bxh5 gxh5 11. Nf3 Qe7+ 12. Kf1 Nf6 13. Bg5 Bg4 14. Qa4+ Kf8 15. Re1 Qd7 16. Qxd7 Bxd7 17. Bf4 Ne8 18. Ne4 Bxb2 19. Nxd6 Nxd6 20. Bxd6+ Kg7 21. Re7 Bf5 22. Rxb7 Bf6 23. Ne5 Bg6 24. f4 Rhe8 25. Rh3 Kg8 26. Re3 h4 27. Bxc5 Bxe5 28. Rxe5 Rec8 29. Rxa7 Rxa7 30. Bxa7 f6 31. Re7 Rxc4 32. d6 Kf8 33. Bb6 Rc1+ 34. Ke2 Rc2+ 35. Kd1 Rc3 36. Ra7 Bf5 37. Bd8 Rc4 38. Bxf6 Rxf4 39. Bg7+ Ke8 40. Re7+ Kd8 41. Be5 Rf2 42. Rg7 Bd7 43. a3 Rf5 44. Bh2 h6 45. Ke1 Rg5 46. Rxg5 hxg5 47. Be5 Bc6 48. Kf2 Kd7 49. Bf6 g4 50. Bxh4 Kxd6 51. Bf6 1/2-1/2

[Event "BL 2425 SV Mülheim Nord - OSG Baden-Bad"]
[Site "?"]
[Date "2025.04.27"]
[Round "15.7"]
[White "Hagner, Bennet"]
[Black "Stillger, Bernhard"]
[Result "1-0"]
[WhiteElo "2430"]
[BlackElo "2255"]
[PlyCount "201"]
[EventDate "2025.??.??"]

1. e4 e5 2. Nf3 Nf6 3. d4 Nxe4 4. Bd3 d5 5. Nxe5 Nd7 6. O-O Nxe5 7. dxe5 Nc5 8. f4 Nxd3 9. Qxd3 g6 10. Be3 c6 11. Nd2 Be7 12. Nf3 Be6 13. Nd4 c5 14. f5 cxd4 15. fxe6 fxe6 16. Bxd4 Qd7 17. a4 a6 18. b4 Rc8 19. c3 Rf8 20. Qh3 h5 21. Qg3 g5 22. Qh3 h4 23. Qg4 Rh8 24. Rf3 Rc4 25. Raf1 Rh7 26. Kh1 Qc8 27. h3 Kd7 28. Rf7 Qg8 29. R7f2 Qg6 30. a5 Qe4 31. Qd1 Rc6 32. Rf7 Qg6 33. Rxh7 Qxh7 34. Rf2 Qg6 35. Qf1 Rc4 36. Bc5 Bxc5 37. bxc5 Rf4 38. Rxf4 gxf4 39. Qxf4 Qb1+ 40. Kh2 Qe1 41. Qf7+ Kc6 42. Qxe6+ Kb5 43. Qb6+ Kc4 44. Qb4+ Kd3 45. Qd4+ Kc2 46. c4 Qg3+ 47. Kh1 Qe1+ 48. Qg1 Qxg1+ 49. Kxg1 d4 50. e6 d3 51. e7 d2 52. e8=Q d1=Q+ 53. Kf2 Qd4+ 54. Qe3 Qf6+ 55. Ke2 Qd8 56. Qe4+ Kc3 57. Qd5 Qe7+ 58. Kf3 Qg7 59. g4 hxg3 60. Kg2 Qc7 61. h4 Qxa5 62. h5 Qc7 63. h6 Qh7 64. Qe5+ Kb4 65. Qg7 Qe4+ 66. Kxg3 Qe3+ 67. Kg4 Kxc4 68. Qg8+ Kb5 69. Qf8 Qe4+ 70. Kg5 Qe5+ 71. Kg6 Qe6+ 72. Kg7 Qg4+ 73. Kh8 Qd4+ 74. Kg8 Qd5+ 75. Qf7 Qd8+ 76. Kg7 Qd4+ 77. Qf6 Qd7+ 78. Kg6 Qg4+ 79. Qg5 Qe6+ 80. Kg7 Qd7+ 81. Kf6 Qd8+ 82. Kg6 Qg8+ 83. Kh5 Qe8+ 84. Qg6 Qe2+ 85. Kg5 Qe5+ 86. Qf5 Qe7+ 87. Qf6 Qe3+ 88. Kg6 Qd3+ 89. Kg7 Qd7+ 90. Kf8 Qc8+ 91. Kf7 Qd7+ 92. Kf8 Qc8+ 93. Ke7 Qc7+ 94. Ke6 Qc6+ 95. Ke5 Qc7+ 96. Qd6 Qh7 97. Kd4 Qh8+ 98. Kd3 Qh7+ 99. Kc3 Qh8+ 100. Qd4 Qxh6 101. Qb4+ 1-0

[Event "BL 2425 SV Mülheim Nord - OSG Baden-Bad"]
[Site "?"]
[Date "2025.04.27"]
[Round "15.8"]
[White "Dordevic, Tom"]
[Black "Kocharin, Timur"]
[Result "0-1"]
[WhiteElo "2080"]
[BlackElo "2263"]
[PlyCount "138"]
[EventDate "2025.??.??"]

1. d4 Nf6 2. c4 e6 3. Nf3 d5 4. g3 Bb4+ 5. Bd2 Be7 6. Bg2 c6 7. O-O O-O 8. Bf4 Nbd7 9. Nc3 dxc4 10. e4 a5 11. a4 Bb4 12. Qe2 Bxc3 13. bxc3 b5 14. Rfb1 Ba6 15. Ne5 Nxe5 16. Bxe5 bxa4 17. Bxf6 gxf6 18. Rxa4 Bb5 19. Raa1 Qe7 20. d5 Rfd8 21. dxc6 Bxc6 22. Qxc4 Rdc8 23. Qd4 e5 24. Qe3 a4 25. c4 Rcb8 26. c5 Rxb1+ 27. Rxb1 a3 28. Ra1 a2 29. Qc3 Qb7 30. Qc2 Qb4 31. h4 Qa3 32. Bf1 Ra5 33. Bc4 Qf3 34. Bd5 Bxd5 35. exd5 Qxd5 36. c6 Rc5 37. Qxa2 Qxc6 38. Qa8+ Kg7 39. Qxc6 Rxc6 40. Kg2 Kg6 41. Ra5 Rb6 42. Rc5 h6 43. Ra5 Re6 44. Kf3 h5 45. Rb5 f5 46. Rb8 f6 47. Rb4 Ra6 48. Rc4 Ra3+ 49. Kg2 Rd3 50. Ra4 Rd4 51. Ra3 f4 52. gxf4 Rxf4 53. Kg3 Rg4+ 54. Kh3 Kf5 55. Rb3 Kf4 56. Ra3 Rg6 57. Rb3 e4 58. Ra3 f5 59. Rb3 Rd6 60. Kg2 Kg4 61. Rh3 Rd3 62. Rh1 Rd2 63. Re1 Kxh4 64. Re3 Rd3 65. Re1 Kg4 66. Ra1 Rd2 67. Ra3 h4 68. Re3 h3+ 69. Kg1 h2+ 0-1

[Event "BL 2425 SV Werder Bremen - FC Bayern Mü"]
[Site "?"]
[Date "2025.04.27"]
[Round "15.1"]
[White "Tabatabaei, M. Amin"]
[Black "Ivic, Velimir"]
[Result "1/2-1/2"]
[WhiteElo "2661"]
[BlackElo "2623"]
[PlyCount "92"]
[EventDate "2025.??.??"]

1. e4 e5 2. Nf3 Nc6 3. Bc4 Nf6 4. d3 Be7 5. O-O O-O 6. Nc3 d6 7. a4 Bg4 8. h3 Bh5 9. a5 Qd7 10. Nd5 Nxd5 11. Bxd5 Nd4 12. Nxe5 dxe5 13. Qxh5 Nxc2 14. Rb1 c6 15. Bc4 b5 16. axb6 axb6 17. Qxe5 b5 18. Bb3 Qxd3 19. Qc3 Qxc3 20. bxc3 Na3 21. Ra1 Nc4 22. Rxa8 Rxa8 23. Bxc4 bxc4 24. Be3 Bf6 25. Rc1 Rd8 26. Kf1 Rd3 27. Rb1 h5 28. Rb6 Bxc3 29. Rxc6 Bd4 30. Rxc4 Bxe3 31. Ke2 Ra3 32. fxe3 g6 33. Kf3 Kg7 34. e5 Ra5 35. Ke4 Ra2 36. Rc7 Kf8 37. Kf3 Ra5 38. Kf4 Ra2 39. g4 hxg4 40. hxg4 Ra5 41. e4 Ke8 42. e6 f6 43. Rf7 g5+ 44. Ke3 Ra3+ 45. Kd4 Ra4+ 46. Kd5 Ra5+ 1/2-1/2

[Event "BL 2425 SV Werder Bremen - FC Bayern Mü"]
[Site "?"]
[Date "2025.04.27"]
[Round "15.2"]
[White "Aditya Mittal"]
[Black "Santos Latasa, Jaime"]
[Result "0-1"]
[WhiteElo "2550"]
[BlackElo "2616"]
[PlyCount "66"]
[EventDate "2025.??.??"]

1. d4 Nf6 2. c4 e6 3. Nc3 Bb4 4. e3 O-O 5. Bd3 d5 6. a3 Bxc3+ 7. bxc3 dxc4 8. Bxc4 c5 9. Ne2 Qc7 10. Bd3 Nc6 11. f4 b6 12. O-O Rd8 13. Ng3 Ne7 14. Qe2 Nf5 15. Bb2 Nxg3 16. hxg3 h5 17. e4 Ng4 18. Rae1 Bb7 19. Bb1 Rac8 20. d5 c4 21. Rd1 exd5 22. e5 d4 23. Rxd4 Rxd4 24. cxd4 c3 25. Bc1 c2 26. Ba2 Qc3 27. Qe1 Qxd4+ 28. Kh1 Bd5 29. Bxd5 Qxd5 30. Qe2 Qd1 31. Qa6 Rd8 32. Kg1 Qd4+ 33. Kh1 Qd3 0-1

[Event "BL 2425 SV Werder Bremen - FC Bayern Mü"]
[Site "?"]
[Date "2025.04.27"]
[Round "15.3"]
[White "Idani, Pouya"]
[Black "Efimenko, Zahar"]
[Result "1-0"]
[WhiteElo "2618"]
[BlackElo "2570"]
[PlyCount "73"]
[EventDate "2025.??.??"]

1. e4 e5 2. Nf3 Nc6 3. Bc4 Bc5 4. c3 Nf6 5. d3 d6 6. b4 Bb6 7. a4 a5 8. b5 Ne7 9. Nbd2 O-O 10. O-O Ng6 11. d4 exd4 12. cxd4 d5 13. exd5 Nxd5 14. Qb3 c6 15. Ba3 Re8 16. Rfe1 Rxe1+ 17. Rxe1 Bf5 18. g3 h6 19. Bc5 Bxc5 20. dxc5 Qd7 21. Bxd5 cxd5 22. Nd4 Bh3 23. Qe3 f6 24. f4 h5 25. N2b3 h4 26. Kf2 Bg4 27. Qc3 Kh7 28. Qc2 Kh6 29. c6 Qc7 30. cxb7 Qxb7 31. Qc6 Qb8 32. f5 Nf8 33. Qxd5 Nh7 34. Re4 hxg3+ 35. hxg3 Bh5 36. Rh4 Ng5 37. Rxh5+ 1-0

[Event "BL 2425 SV Werder Bremen - FC Bayern Mü"]
[Site "?"]
[Date "2025.04.27"]
[Round "15.4"]
[White "Hracek, Zbynek"]
[Black "Alonso Rosell, Alvar"]
[Result "1/2-1/2"]
[WhiteElo "2538"]
[BlackElo "2546"]
[PlyCount "114"]
[EventDate "2025.??.??"]

1. e4 c5 2. Nf3 e6 3. d4 cxd4 4. Nxd4 Nc6 5. g3 Bc5 6. Nb3 Bb4+ 7. c3 Be7 8. Bg2 Nf6 9. O-O O-O 10. Be3 d6 11. N1d2 e5 12. h3 b5 13. Qe2 Rb8 14. Rfd1 a5 15. c4 a4 16. cxb5 Nb4 17. Qc4 axb3 18. Qxb4 bxa2 19. Rxa2 d5 20. Bc5 Bxc5 21. Qxc5 dxe4 22. Qxe5 Bb7 23. Raa1 e3 24. Qxe3 Bxg2 25. Kxg2 Rxb5 26. Ne4 Qe7 27. Nxf6+ Qxf6 28. b3 Qc6+ 29. Kh2 g6 30. Rac1 Qe6 31. Rc3 Re5 32. Qd4 Rb8 33. Rdd3 Rh5 34. h4 Rhb5 35. Re3 Qa6 36. Rf3 Qe6 37. Rce3 Qc6 38. Qf4 Rf8 39. Qf6 Qb7 40. Rd3 Rb6 41. Qg5 Rb5 42. Qf6 Rb6 43. Qd4 Rb5 44. Qd6 Rb4 45. Qd5 Qb6 46. Qd7 Qb8 47. Qe7 Qb7 48. Rfe3 Qb8 49. Rf3 Qb7 50. Qxb7 Rxb7 51. Kg2 Ra8 52. Rd2 Ra5 53. Rb2 Rab5 54. Kf1 Rb4 55. Ke2 Kg7 56. Kd2 R4b6 57. Rf4 Rxb3 1/2-1/2

[Event "BL 2425 SV Werder Bremen - FC Bayern Mü"]
[Site "?"]
[Date "2025.04.27"]
[Round "15.5"]
[White "Blohberger, Felix"]
[Black "Babula, Vlastimil"]
[Result "1/2-1/2"]
[WhiteElo "2511"]
[BlackElo "2493"]
[PlyCount "116"]
[EventDate "2025.??.??"]

1. Nf3 Nf6 2. c4 e6 3. Nc3 d5 4. d4 Be7 5. cxd5 exd5 6. Bf4 c6 7. e3 Bf5 8. Nh4 Bg4 9. Qc2 Nh5 10. h3 Bc8 11. Nf3 Nxf4 12. exf4 O-O 13. Bd3 h6 14. O-O-O a5 15. Ne5 Nd7 16. Rhe1 Nxe5 17. fxe5 b5 18. Kb1 a4 19. Ne2 Qb6 20. Rc1 Bb7 21. Ng3 Bg5 22. Nf5 g6 23. h4 Bxc1 24. Qxc1 Bc8 25. Nxh6+ Kg7 26. Qf4 Qd8 27. Qg5 Be6 28. g4 Rh8 29. Qxd8 Raxd8 30. g5 Rxh6 31. gxh6+ Kxh6 32. Be2 g5 33. hxg5+ Kxg5 34. Rh1 Bf5+ 35. Kc1 c5 36. Bxb5 a3 37. bxa3 cxd4 38. Kd2 Rb8 39. a4 Kf4 40. Rh4+ Kxe5 41. Rh5 Ke6 42. Rh6+ Bg6 43. Bd3 Rb2+ 44. Kc1 Rxa2 45. Bxg6 fxg6 46. Rxg6+ Kf5 47. Rg3 Ke4 48. Kd1 Rxf2 49. Rg4+ Kd3 50. Rg3+ Kc4 51. a5 Ra2 52. a6 Rxa6 53. Rh3 Ra2 54. Rg3 Rh2 55. Rf3 d3 56. Rf8 Kc3 57. Rc8+ Kd4 58. Rg8 Rh1+ 1/2-1/2

[Event "BL 2425 SV Werder Bremen - FC Bayern Mü"]
[Site "?"]
[Date "2025.04.27"]
[Round "15.6"]
[White "Wachinger, Nikolas"]
[Black "Bischoff, Klaus"]
[Result "1/2-1/2"]
[WhiteElo "2452"]
[BlackElo "2425"]
[PlyCount "148"]
[EventDate "2025.??.??"]

1. e4 c5 2. Nf3 d6 3. Bb5+ Bd7 4. Bxd7+ Nxd7 5. O-O Ngf6 6. Qe2 e6 7. b3 Be7 8. c4 O-O 9. Bb2 a6 10. d4 cxd4 11. Nxd4 Qb6 12. Rd1 Qc5 13. Nc3 Qh5 14. Qe3 Rfe8 15. h3 Bf8 16. Ba3 Rac8 17. Nde2 Rc6 18. Bb4 Rb6 19. Ng3 Qh6 20. Qxh6 gxh6 21. Ba3 Rc6 22. Nge2 h5 23. h4 Nc5 24. f3 Rb8 25. Bb4 Be7 26. g3 Ncd7 27. Rd2 Kf8 28. Rad1 Nc5 29. Kf2 Ke8 30. Ke3 Bf8 31. Kf2 b6 32. Rc2 Ncd7 33. a4 Nc5 34. Rb2 Bg7 35. Rbb1 Nfd7 36. Nf4 Bxc3 37. Bxc3 b5 38. axb5 axb5 39. Nxh5 bxc4 40. bxc4 Rxb1 41. Rxb1 Nd3+ 42. Ke2 N3e5 43. Bxe5 dxe5 44. Kd3 Ra6 45. Kc3 Ke7 46. g4 h6 47. g5 hxg5 48. hxg5 Kd6 49. Kd2 Ra2+ 50. Ke3 Rh2 51. Rd1+ Ke7 52. Nf6 Nxf6 53. gxf6+ Kxf6 54. Rd2 Rh1 55. Kd3 Ke7 56. Kc3 Rh3 57. Rd3 f5 58. c5 Kf6 59. c6 Rh8 60. Rd6 Rc8 61. Kc4 Ra8 62. Kb5 fxe4 63. fxe4 Kg5 64. c7 Rc8 65. Kc6 Kf4 66. Kb7 Rxc7+ 67. Kxc7 Kxe4 68. Rd1 Kf3 69. Kd6 e4 70. Ke5 e3 71. Rd3 Kf2 72. Kxe6 e2 73. Rd2 Ke3 74. Rxe2+ Kxe2 1/2-1/2

[Event "BL 2425 SV Werder Bremen - FC Bayern Mü"]
[Site "?"]
[Date "2025.04.27"]
[Round "15.7"]
[White "Johansson, Linus"]
[Black "Grigorian, Spartak"]
[Result "1-0"]
[WhiteElo "2392"]
[BlackElo "2432"]
[PlyCount "67"]
[EventDate "2025.??.??"]

1. d4 Nf6 2. c4 g6 3. Nc3 d5 4. cxd5 Nxd5 5. e4 Nxc3 6. bxc3 Bg7 7. Nf3 c5 8. Bb5+ Bd7 9. Bxd7+ Nxd7 10. O-O Qa5 11. Qb3 b5 12. Bg5 h6 13. Bh4 c4 14. Qc2 Nb6 15. Rae1 Rd8 16. Re3 Rd7 17. Bg3 Qa4 18. Qe2 O-O 19. Ne5 Rd6 20. h4 h5 21. d5 Qa3 22. Nc6 Rd7 23. Be5 Na4 24. Rg3 Nc5 25. Qe3 Nd3 26. f4 Bh6 27. Qe2 Kh7 28. f5 Nxe5 29. Nxe5 Rd6 30. Nxf7 gxf5 31. Qxh5 Qc5+ 32. Kh1 Rf6 33. Nxh6 Rxh6 34. Qg5 1-0

[Event "BL 2425 SV Werder Bremen - FC Bayern Mü"]
[Site "?"]
[Date "2025.04.27"]
[Round "15.8"]
[White "Colbow, Collin"]
[Black "Fedorovsky, Michael"]
[Result "1-0"]
[WhiteElo "2422"]
[BlackElo "2397"]
[PlyCount "69"]
[EventDate "2025.??.??"]

1. e4 c6 2. Nf3 d5 3. Nc3 dxe4 4. Nxe4 Nf6 5. Qe2 Nxe4 6. Qxe4 Nd7 7. d4 Nf6 8. Qd3 g6 9. Be2 Bg7 10. O-O O-O 11. Re1 Bf5 12. Qb3 Qc7 13. a4 c5 14. c3 Rad8 15. dxc5 Ne4 16. Be3 Nxc5 17. Qc4 b6 18. Nd4 Be4 19. Nb5 Qb7 20. Bxc5 bxc5 21. Bf1 Bc6 22. Qxc5 Rd7 23. Nxa7 Qxa7 24. Qxc6 Rb8 25. Re2 Rdb7 26. Ra2 Rd7 27. a5 Rd1 28. Qa4 Rbd8 29. a6 e6 30. Ra1 R1d5 31. Qe4 Bf8 32. b4 Bh6 33. g3 R8d6 34. c4 Rd1 35. Qb7 1-0

[Event "BL 2425 FC St. Pauli - SV Deggendorf"]
[Site "?"]
[Date "2025.04.27"]
[Round "15.1"]
[White "Indjic, Aleksandar"]
[Black "Christiansen, Johan-Sebastian"]
[Result "1-0"]
[WhiteElo "2644"]
[BlackElo "2658"]
[PlyCount "69"]
[EventDate "2025.??.??"]

1. Nf3 c5 2. e3 g6 3. d4 Bg7 4. d5 Nf6 5. Nc3 O-O 6. Bc4 d6 7. h3 Na6 8. O-O Nc7 9. Re1 Rb8 10. a4 a6 11. a5 Nd7 12. e4 b5 13. axb6 Nxb6 14. Bf1 e5 15. dxe6 Nxe6 16. Be3 Bb7 17. Bxa6 Bxa6 18. Rxa6 Nc4 19. Nd5 Rxb2 20. Qd3 Nb6 21. Nd2 Nxd5 22. exd5 Nc7 23. Rc6 Ne8 24. Nc4 Rb7 25. Bf4 Rd7 26. Qg3 h5 27. Bg5 Qb8 28. Rb6 Qa7 29. Qb3 Qa8 30. Rb8 Qxd5 31. Nb6 c4 32. Nxd5 cxb3 33. Rexe8 bxc2 34. Rxf8+ Bxf8 35. Nf6+ 1-0

[Event "BL 2425 FC St. Pauli - SV Deggendorf"]
[Site "?"]
[Date "2025.04.27"]
[Round "15.2"]
[White "Bjerre, Jonas Buhl"]
[Black "Ghosh, Diptayan"]
[Result "0-1"]
[WhiteElo "2636"]
[BlackElo "2573"]
[PlyCount "64"]
[EventDate "2025.??.??"]

1. Nf3 d5 2. g3 Nf6 3. Bg2 e6 4. O-O Be7 5. d3 O-O 6. a4 Nc6 7. Nbd2 a5 8. e4 dxe4 9. dxe4 b6 10. e5 Nd7 11. Re1 Nc5 12. b3 Bb7 13. Bb2 Nb4 14. Nd4 Bxg2 15. Kxg2 f6 16. N4f3 Qd5 17. Rc1 fxe5 18. Qe2 Rf5 19. Bxe5 Raf8 20. Bd4 Bg5 21. Be3 Bxe3 22. Qxe3 g5 23. h3 h5 24. g4 Rf4 25. gxh5 g4 26. hxg4 Rxg4+ 27. Kf1 Qxh5 28. Qe5 Qh3+ 29. Ke2 Rxf3 30. Nxf3 Re4+ 31. Qxe4 Nxe4 32. Rg1+ Kf8 0-1

[Event "BL 2425 FC St. Pauli - SV Deggendorf"]
[Site "?"]
[Date "2025.04.27"]
[Round "15.3"]
[White "Sankalp Gupta"]
[Black "Socko, Bartosz"]
[Result "1/2-1/2"]
[WhiteElo "2548"]
[BlackElo "2570"]
[PlyCount "62"]
[EventDate "2025.??.??"]

1. e4 e5 2. Nf3 Nf6 3. Nxe5 d6 4. Nf3 Nxe4 5. d4 d5 6. Bd3 Bf5 7. O-O Be7 8. Re1 O-O 9. Nbd2 Nd6 10. Nf1 Nd7 11. Bxf5 Nxf5 12. Qd3 Nd6 13. Bf4 Re8 14. Re2 Nf8 15. Rae1 Ne6 16. Bc1 Ne4 17. Ng3 Nxg3 18. hxg3 Bf6 19. g4 c6 20. g5 Be7 21. g3 Bd6 22. Kg2 Qd7 23. Qf5 Re7 24. Ne5 Bxe5 25. Rxe5 Qd6 26. Qg4 Rae8 27. Qe2 Kf8 28. Qd3 Kg8 29. Qe2 Kf8 30. Qd3 Kg8 31. Bd2 Kf8 1/2-1/2

[Event "BL 2425 FC St. Pauli - SV Deggendorf"]
[Site "?"]
[Date "2025.04.27"]
[Round "15.4"]
[White "Janik, Igor"]
[Black "Krivoborodov, Egor"]
[Result "1-0"]
[WhiteElo "2520"]
[BlackElo "2540"]
[PlyCount "99"]
[EventDate "2025.??.??"]

1. Nf3 c5 2. g3 Nc6 3. Bg2 g6 4. c4 Bg7 5. Nc3 d6 6. O-O e5 7. d3 Nge7 8. Rb1 O-O 9. a3 a5 10. Ne1 Be6 11. Nd5 Rb8 12. Bg5 h6 13. Bxe7 Nxe7 14. Nxe7+ Qxe7 15. Nc2 b5 16. b3 Qa7 17. Ne3 Rb6 18. Nd5 Bxd5 19. Bxd5 Kh7 20. e4 b4 21. Ra1 Qc7 22. Qc2 Rfb8 23. Ra2 a4 24. axb4 axb3 25. Qxb3 Rxb4 26. Qc2 f6 27. Rfa1 Qb6 28. Ra6 Rb1+ 29. Rxb1 Qxb1+ 30. Qxb1 Rxb1+ 31. Kg2 Bf8 32. Ra7+ Bg7 33. Rd7 Rb6 34. g4 h5 35. gxh5 gxh5 36. Bf7 h4 37. Be6 Kh8 38. Kh3 Rb2 39. Kxh4 Rxf2 40. h3 Rg2 41. Bg4 Kh7 42. Kh5 Rg3 43. Rd8 Bh8 44. Rxd6 Bg7 45. Rd8 Bh8 46. Bf5+ Kg7 47. h4 Rg1 48. Rc8 Rg3 49. Bg6 Rxd3 50. Rc7+ 1-0

[Event "BL 2425 FC St. Pauli - SV Deggendorf"]
[Site "?"]
[Date "2025.04.27"]
[Round "15.5"]
[White "Petrov, Martin"]
[Black "Feuerstack, Aljoscha"]
[Result "1/2-1/2"]
[WhiteElo "2538"]
[BlackElo "2458"]
[PlyCount "40"]
[EventDate "2025.??.??"]

1. e4 c5 2. Nf3 e6 3. d4 cxd4 4. Nxd4 Nf6 5. Bd3 Nc6 6. Nxc6 bxc6 7. Bf4 d5 8. Nd2 g6 9. c3 Nh5 10. Be3 Bd6 11. O-O O-O 12. Nf3 e5 13. Bh6 Re8 14. Bc2 Rb8 15. Bb3 Qc7 16. Re1 Nf6 17. exd5 Nxd5 18. Ng5 Bf8 19. Bxf8 Rxf8 20. Qd2 Kg7 1/2-1/2

[Event "BL 2425 FC St. Pauli - SV Deggendorf"]
[Site "?"]
[Date "2025.04.27"]
[Round "15.6"]
[White "Krause, Benedict"]
[Black "Bogosavljevic, Boban"]
[Result "1/2-1/2"]
[WhiteElo "2420"]
[BlackElo "2483"]
[PlyCount "67"]
[EventDate "2025.??.??"]

1. e4 c5 2. Nf3 Nc6 3. d4 cxd4 4. Nxd4 Nf6 5. Nc3 e5 6. Ndb5 d6 7. Bg5 a6 8. Na3 b5 9. Bxf6 gxf6 10. Nd5 f5 11. Bd3 Be6 12. c3 Bxd5 13. exd5 Ne7 14. Nxb5 Bg7 15. Na3 O-O 16. O-O e4 17. Bc2 Qb6 18. Qc1 Qc5 19. Bb3 a5 20. Qe3 Rfc8 21. Rae1 a4 22. Bc4 Rab8 23. Re2 Nxd5 24. Qxc5 Rxc5 25. Bxd5 Rxd5 26. Nc4 Rd3 27. f3 Re8 28. fxe4 Rxe4 29. Rd2 Rxd2 30. Nxd2 Re2 31. Rf2 Re1+ 32. Rf1 Re2 33. Rf2 Re1+ 34. Rf1 1/2-1/2